University Home | Library Home | Institutional Repository

The trial of Mallam Ilya and other plays / (Record no. 206882)

MARC details
000 -LEADER
fixed length control field 00498nam a22001817a 4500
003 - CONTROL NUMBER IDENTIFIER
control field OSt
005 - DATE AND TIME OF LATEST TRANSACTION
control field 20210423105011.0
008 - FIXED-LENGTH DATA ELEMENTS--GENERAL INFORMATION
fixed length control field 210423b ||||| |||| 00| 0 eng d
020 ## - INTERNATIONAL STANDARD BOOK NUMBER
International Standard Book Number 9964970765
040 ## - CATALOGING SOURCE
Transcribing agency LC
050 ## - LIBRARY OF CONGRESS CALL NUMBER
Classification number PR 9379.9
Item number ABD 1987
100 ## - MAIN ENTRY--PERSONAL NAME
Personal name Abdallah, Mohammed Ben
245 ## - TITLE STATEMENT
Title The trial of Mallam Ilya and other plays /
Statement of responsibility, etc. Mohammed ben Abdallah
260 ## - PUBLICATION, DISTRIBUTION, ETC.
Place of publication, distribution, etc. Accra :
Name of publisher, distributor, etc. Woeli Publishing Services,
Date of publication, distribution, etc. 1987.
300 ## - PHYSICAL DESCRIPTION
Extent 165 pages
650 ## - SUBJECT ADDED ENTRY--TOPICAL TERM
Topical term or geographic name entry element Ghana
General subdivision Drama
942 ## - ADDED ENTRY ELEMENTS (KOHA)
Source of classification or shelving scheme Library of Congress Classification
Koha item type Book

No items available.

© 2026 - The University of Zambia Library - Koha v25.11